00478nam a2200145Ia 4500008004100000041001200041100001300053245004600066260003500112300000800147650001900155942000700174999001700181952013400198221030s9999 xx 000 0 und d aEnglish aB. Singh 0aEngineering Mathematics : IIcby B. Singh bMalhotra BorthersaJammuc2009 a422 aBB Mathematics cBK c18802d18802 pBB 1041l0r2025-05-17 00:00:00w2022-10-30yBK003Print4070aMIETLIBbMIETLIBcBL-, FL-, CUP-47, SH-2, R-2d2022-03-1610HBB